20 poemas de amor y una canción desesperada. (Registro nro. 2475)

Detalles MARC
000 -LEADER
fixed length control field 01455nam a2200205 a 4500
008 - CAMPO DE CONTROL (LIBRO)
fixed length control field 161215t1995 ag |||g |||| 001 p spa d
020 ## - INTERNATIONAL STANDARD BOOK NUMBER
ISBN 8448704029
041 ## - CODIGO DE IDIOMA
Código de idioma del texto/pista de sonido o título separado spa
092 ## - SIGNATURA TOPOGRAFICA DEWEY LOCAL
número de clasificación 808.8
libristica 55
sección NER
100 1# - ENTRADA PRINCIPAL--NOMBRE PERSONAL
Nombre personal Neruda, Pablo
9 (RLIN) 2928
245 #3 - TITULO PROPIAMENTE DICHO
Título 20 poemas de amor y una canción desesperada.
Subtítulo y Título paralelo Cien sonetos de amor /
Mención de responsabilidad y remanente de la transcripción de la portada Pablo Neruda
250 ## - MENCION DE EDICION
Mención de edición 1a ed.
260 ## - PIE DE IMPRENTA
Lugar de publicación, distribución, etc Buenos Aires:
Nombre de la editorial, distribuidor, etc Losada;
Fecha de publicación 1995.
300 ## - DESCRIPCION FISICA
Extension 230 p.
500 ## - NOTA GENERAL
Nota general Neruda, P. (1995). 20 poemas de amor y una canción desesperada. Cien sonetos de amor. (1a ed.). Buenos Aires : Losada.
505 ## - NOTA DE CONTENIDO
Nota de contenido formateada Pablo Neruda -nacido en Parral, Chile, en 1904, galardonado en 1971 con el Premio Nobel de Literatura y muerto en Santiago en 1973- es uno de los mayores poetas del idioma. Algunas de sus obras quizás hayan ejercido una influencia más duradera en la transformación del lenguaje poético -Residencia en la tierra, por ejemplo-, otras tal vez despierten sensaciones más diversas y ricas -como el Canto del General o el Memorial de la Isla Negra-, otras es probable que se presten mejor a la polémica -sus Odas elementales o sus encendidos poemas políticos-, pero de ellas la que ha logrado la mayor aceptación popular y el calor emocional más profundo son esos 20 poemas de amor y una canción desesperada, que se publicaron por primera vez en 1924.
590 ## - NOTAS LOCALES (RLIN)
Nota local Proyecto 4to libro. Donación Liliana Quadrini, Septiembre 2017.
655 ## - MATERIA - GENERO/FORMA
Género/Forma Poesia
-- 2929
942 ## - ADDED ENTRY ELEMENTS (KOHA)
Source of classification or shelving scheme Dewey Decimal Classification
Item type LITERATURA
Existencias
Estado de retiro Existencia Fuente de clasificación Estado general No para prestamo Ubicación permanente ubicación actual Sala de ubicación Fecha de adquisición Fuente de adquisición Total Checkouts Número de clasificación Código de barras Date last seen Número de ejemplar Price effective from Koha tipo de elemento (item) Public note
    Dewey Decimal Classification     Biblioteca Medicina Biblioteca Medicina Circulación 26/09/2017 Donación Liliana Quadrini, Septiembre 2017.   808.8 55 NER 3945 26/09/2017 Ej. 1 26/09/2017 LITERATURA Proyecto 4to Libro. Donación Liliana Quadrini, Septiembre 2017.

UNIVERSIDAD NACIONAL DEL COMAHUE
Biblioteca de la Facultad de Ciencias Médicas
Sede Toschi: Los Arrayanes y Av. Toschi, Cipolletti  - Rio Negro
Sede Los Tordos:  Yrigoyen al 2211, Cipolletti - Rio Negro 

Teléfono: 0299 - 4774707 int 25
Contacto: biblioteca@facimed.uncoma.edu.ar
© 2011 - 2026